[Event "Bremen-ch op"]
[Site "Bremen"]
[Date "2015.04.03"]
[Round "8"]
[White "Brueggemann, Werner"]
[Black "Bilek, Thomas"]
[Result "1/2-1/2"]
[WhiteElo "1219"]
[BlackElo "1000"]
[PlyCount "108"]
[EventDate "2015.03.28"]
[EventType "swiss"]
[EventRounds "9"]
[EventCountry "GER"]
[SourceTitle "EXT 2018"]
[Source "ChessBase"]
[SourceDate "2017.10.13"]
[SourceVersion "1"]
[SourceVersionDate "2017.10.13"]
[SourceQuality "1"]

1. c4 d5 2. e3 e5 3. Nc3 Nf6 4. d4 Nc6 5. cxd5 Nxd5 6. dxe5 Bb4 7. Qc2 Nxe5 8. Bd2 Nxc3 9. Bxc3 Bxc3+ 10. Qxc3 f6 11. Rd1 Qe7 12. f4 Nf7 13. Nf3 0-0 14. Be2 Rd8 15. Rc1 Bg4 16. 0-0 Bxf3 17. Bxf3 c6 18. Rfe1 Rd6 19. Qb3 Rad8 20. e4 Kh8 21. Qb4 Qc7 22. g3 Qb6+ 23. Qxb6 axb6 24. Rc2 Rd2 25. Rec1 Rxc2 26. Rxc2 c5 27. a4 Rd7 28. Bg4 Rd4 29. Be6 Nd8 30. Bd5 f5 31. Re2 fxe4 32. Bxe4 g6 33. b3 Nc6 34. Bxc6 bxc6 35. Re8+ Kg7 36. Rb8 Rb4 37. a5 bxa5 38. Rxb4 axb4 39. Kf2 c4 40. Ke2 cxb3 41. Kd2 c5 42. Kc1 c4 43. Kb2 Kf6 44. g4 g5 45. f5 Ke5 46. h3 h6 47. Kc1 c3 48. Kd1 b2 49. Kc2 b3+ 50. Kb1 c2+ 51. Kxb2 Kf6 52. Kc1 Ke5 53. Kd2 Kf6 54. Kc1 Ke5 1/2-1/2

[Event "Bremen-ch op"]
[Site "Bremen"]
[Date "2015.04.02"]
[Round "7"]
[White "Holtermann, Klaas"]
[Black "Brueggemann, Werner"]
[Result "1-0"]
[WhiteElo "1507"]
[BlackElo "1219"]
[PlyCount "25"]
[EventDate "2015.03.28"]
[EventType "swiss"]
[EventRounds "9"]
[EventCountry "GER"]
[SourceTitle "EXT 2018"]
[Source "ChessBase"]
[SourceDate "2017.10.13"]
[SourceVersion "1"]
[SourceVersionDate "2017.10.13"]
[SourceQuality "1"]

1. e4 e5 2. Nf3 Nc6 3. Bc4 Be7 4. 0-0 d6 5. c3 Nh6 6. h3 f6 7. d4 g5 8. Nxg5 Kf8 9. Ne6+ Bxe6 10. Bxh6+ Ke8 11. Bxe6 Bf8 12. Qh5+ Ke7 13. Qf7# 1-0

[Event "Bremen-ch op"]
[Site "Bremen"]
[Date "2015.03.31"]
[Round "5"]
[White "Stern, Philipp"]
[Black "Brueggemann, Werner"]
[Result "1-0"]
[WhiteElo "1620"]
[BlackElo "1219"]
[PlyCount "31"]
[EventDate "2015.03.28"]
[EventType "swiss"]
[EventRounds "9"]
[EventCountry "GER"]
[SourceTitle "EXT 2018"]
[Source "ChessBase"]
[SourceDate "2017.10.13"]
[SourceVersion "1"]
[SourceVersionDate "2017.10.13"]
[SourceQuality "1"]

1. e4 e6 2. d4 d5 3. Nc3 Bb4 4. a3 Bxc3+ 5. bxc3 Ne7 6. Qg4 g6 7. e5 h6 8. Bd3 b6 9. Nf3 Bb7 10. Qh3 h5 11. Bg5 Qd7 12. Bf6 Rg8 13. Ng5 Nbc6 14. g4 hxg4 15. Qh7 Nf5 16. Qxg8# 1-0

[Event "Bremen-ch op"]
[Site "Bremen"]
[Date "2014.04.18"]
[Round "8"]
[White "Rast, Matthias"]
[Black "Brueggemann, Werner"]
[Result "0-1"]
[WhiteElo "1125"]
[BlackElo "1216"]
[PlyCount "128"]
[EventDate "2014.04.14"]
[EventType "swiss"]
[EventRounds "9"]
[EventCountry "GER"]
[SourceTitle "EXT 2018"]
[Source "ChessBase"]
[SourceDate "2017.10.13"]
[SourceVersion "1"]
[SourceVersionDate "2017.10.13"]
[SourceQuality "1"]

1. Nf3 Nc6 2. d4 d5 3. e3 e6 4. Bd3 Nf6 5. 0-0 Bd6 6. b3 0-0 7. Bb2 Bd7 8. Nbd2 Ng4 9. h3 Nh6 10. e4 Nb4 11. Be2 dxe4 12. Nxe4 Be7 13. a3 Nd5 14. Bc1 Nf5 15. c4 Nf6 16. Bd3 Nd6 17. Nxf6+ Bxf6 18. Bf4 h6 19. Re1 g5 20. Be5 Bc6 21. Bxf6 Qxf6 22. Be2 Bxf3 23. Bxf3 c6 24. Qd3 Nf5 25. Re4 Rad8 26. Rd1 Rfe8 27. Qc3 a5 28. Re5 Ra8 29. d5 Red8 30. dxc6 Rxd1+ 31. Bxd1 bxc6 32. Bf3 Ne7 33. Qe3 Ng6 34. Rc5 Ne7 35. Qe5 Qxe5 36. Rxe5 Kf8 37. Rc5 Ra6 38. Re5 Ke8 39. Kh2 Kd7 40. Re1 f6 41. Rd1+ Kc7 42. Bh5 c5 43. Be8 Rd6 44. Rxd6 Kxd6 45. Kg3 f5 46. f4 e5 47. fxe5+ Kxe5 48. Kf3 Kd4 49. Ba4 Nc8 50. Bd7 Nb6 51. Bxf5 Kc3 52. Kg4 Kxb3 53. Kh5 Kxa3 54. Kxh6 a4 55. Bc2 Nxc4 56. Kxg5 Ne3 57. Bxa4 Kxa4 58. g4 c4 59. h4 c3 60. h5 c2 61. h6 c1Q 62. h7 Qc3 63. Kh5 Qh8 64. Kg6 Nxg4 0-1

[Event "Bochum op"]
[Site "Bochum"]
[Date "2006.08.29"]
[Round "3.7"]
[White "Bauer, Matthias"]
[Black "Brueggemann, Werner"]
[Result "0-1"]
[WhiteElo "1546"]
[BlackElo "1479"]
[PlyCount "110"]
[EventDate "2006.08.15"]
[EventType "swiss"]
[EventRounds "7"]
[EventCountry "GER"]
[SourceTitle "EXT 2007"]
[Source "ChessBase"]
[SourceDate "2006.11.23"]
[SourceVersion "1"]
[SourceVersionDate "2006.11.23"]
[SourceQuality "1"]

1. e4 e5 2. Nf3 d6 3. Bc4 Nc6 4. a3 Be6 5. Bxe6 fxe6 6. d3 Nf6 7. Bg5 Be7 8. Nc3 0-0 9. Qd2 Nd4 10. Nxd4 exd4 11. Ne2 e5 12. 0-0-0 Ng4 13. Bxe7 Qxe7 14. Rdf1 Nxf2 15. Rhg1 Ng4 16. Ng3 Rxf1+ 17. Rxf1 Ne3 18. Nf5 Nxf5 19. Rxf5 Rf8 20. g4 h6 21. Kb1 Rxf5 22. gxf5 b6 23. Qb4 a5 24. Qc4+ Qf7 25. Qc6 Kh7 26. Qb7 g6 27. fxg6+ Kxg6 28. Qc8 h5 29. h4 d5 30. exd5 Qxd5 31. Qxc7 Qh1+ 32. Ka2 Qxh4 33. Qxe5 Qf6 34. Qe4+ Kh6 35. Qg2 h4 36. Qh3 Kg6 37. Qg4+ Kf7 38. Qh5+ Ke7 39. b3 a4 40. Qh7+ Kd6 41. Qb7 axb3+ 42. Kxb3 Qe6+ 43. Kb2 Kc5 44. Qc7+ Kb5 45. Qf4 h3 46. Qf2 Qe5 47. Qd2 h2 48. Qg2 Qd6 49. Kb3 Kc5 50. Kb2 b5 51. Qh3 Kb6 52. Kb3 Qd5+ 53. c4 dxc3+ 54. Kxc3 h1Q 55. Qg3 Qc1+ 0-1

[Event "Bochum op"]
[Site "Bochum"]
[Date "2006.08.15"]
[Round "1.9"]
[White "Richter, Bernd"]
[Black "Brueggemann, Werner"]
[Result "0-1"]
[WhiteElo "1676"]
[BlackElo "1479"]
[PlyCount "128"]
[EventDate "2006.08.15"]
[EventType "swiss"]
[EventRounds "7"]
[EventCountry "GER"]
[SourceTitle "EXT 2007"]
[Source "ChessBase"]
[SourceDate "2006.11.23"]
[SourceVersion "1"]
[SourceVersionDate "2006.11.23"]
[SourceQuality "1"]

1. e4 e5 2. Nf3 d6 3. d4 Nd7 4. Bc4 f6 5. 0-0 exd4 6. Nxd4 Ne5 7. Bb3 Qe7 8. Nc3 c6 9. Bf4 Bg4 10. f3 Bh5 11. Nce2 Bf7 12. Nf5 Qc7 13. Bxf7+ Kxf7 14. c3 g6 15. Qb3+ d5 16. exd5 Qb6+ 17. Qxb6 axb6 18. Bxe5 fxe5 19. Ne3 Bc5 20. Kf2 Ne7 21. b4 Bxe3+ 22. Kxe3 Nxd5+ 23. Ke4 Ke6 24. f4 Rhf8 25. g3 Ra3 26. Rfc1 Nf6+ 27. Kf3 Rd8 28. fxe5 Kxe5 29. Nf4 g5 30. Re1+ Kf5 31. Ne2 g4+ 32. Ke3 Nd5+ 33. Kf2 Kg5 34. Nd4 Rf8+ 35. Kg1 Kg6 36. Re6+ Rf6 37. Re8 Rxc3 38. Rg8+ Kh5 39. Rg7 Rc4 40. Ne2 Rc2 41. Nf4+ Nxf4 42. gxf4 Rxf4 43. Rxh7+ Kg6 44. Rxb7 Rxb4 45. Re1 Kf6 46. Rd1 Ke6 47. a4 Rbb2 48. a5 bxa5 49. Rxb2 Rxb2 50. Rd4 Rb4 51. Rd8 c5 52. Kg2 Rd4 53. Ra8 a4 54. h3 gxh3+ 55. Kxh3 Rd3+ 56. Kg2 a3 57. Kf1 Kd5 58. Ke2 Kc4 59. Ra4+ Kb3 60. Kxd3 Kxa4 61. Kc3 c4 62. Kc2 Kb4 63. Kc1 Kc3 64. Kb1 Kd2 0-1

[Event "Bochum-ch"]
[Site "Bochum"]
[Date "2005.05.31"]
[Round "6"]
[White "Brueggemann, Werner"]
[Black "Schreck, Peter"]
[Result "0-1"]
[WhiteElo "1478"]
[BlackElo "1588"]
[PlyCount "59"]
[EventDate "2005.04.26"]
[EventType "swiss"]
[EventRounds "7"]
[EventCountry "GER"]
[SourceTitle "EXT 2007"]
[Source "ChessBase"]
[SourceDate "2006.11.23"]
[SourceVersion "1"]
[SourceVersionDate "2006.11.23"]
[SourceQuality "1"]

1. e4 d5 2. exd5 Qxd5 3. Nc3 Qd6 4. d4 Nf6 5. h3 a6 6. Nf3 Nc6 7. Bc4 Be6 8. Bxe6 Qxe6+ 9. Be3 Qc4 10. Qd2 0-0-0 11. b3 Qe6 12. Ng5 Qf5 13. Nxf7 Nxd4 14. Kf1 Ne4 15. Nxe4 Qxf7 16. Rd1 e5 17. c3 Bb4 18. cxb4 Nxb3 19. Qc2 Rxd1+ 20. Qxd1 Qc4+ 21. Qe2 Qxe4 22. axb3 Qb1+ 23. Qe1 Qxb3 24. Kg1 Rd8 25. Kh2 e4 26. Qb1 Qd5 27. Rc1 Qe5+ 28. g3 Qe6 29. Bf4 Rd7 30. Rc4 0-1

[Event "Bochum-ch"]
[Site "Bochum"]
[Date "2005.05.24"]
[Round "5"]
[White "Artz, Klaus"]
[Black "Brueggemann, Werner"]
[Result "1-0"]
[WhiteElo "1767"]
[BlackElo "1478"]
[PlyCount "51"]
[EventDate "2005.04.26"]
[EventType "swiss"]
[EventRounds "7"]
[EventCountry "GER"]
[SourceTitle "EXT 2007"]
[Source "ChessBase"]
[SourceDate "2006.11.23"]
[SourceVersion "1"]
[SourceVersionDate "2006.11.23"]
[SourceQuality "1"]

1. d4 d5 2. Nf3 Nc6 3. Bf4 e6 4. e3 Bd6 5. Ne5 Nge7 6. c3 f6 7. Nxc6 Nxc6 8. Bg3 e5 9. dxe5 Bxe5 10. f4 Bd6 11. Qxd5 Ne7 12. Qb3 Bg4 13. h3 Bh5 14. Qb5+ c6 15. Qxh5+ g6 16. Qf3 Qb6 17. Qe2 0-0-0 18. Bf2 Nf5 19. g4 Nd4 20. cxd4 Rhe8 21. Nc3 Bxf4 22. 0-0-0 Rxd4 23. Bg2 Rxe3 24. Bxe3 Bxe3+ 25. Qxe3 Rxd1+ 26. Nxd1 1-0

[Event "Bochum-ch"]
[Site "Bochum"]
[Date "2005.05.03"]
[Round "2"]
[White "Freisen, Thomas"]
[Black "Brueggemann, Werner"]
[Result "1-0"]
[WhiteElo "1907"]
[BlackElo "1478"]
[PlyCount "51"]
[EventDate "2005.04.26"]
[EventType "swiss"]
[EventRounds "7"]
[EventCountry "GER"]
[SourceTitle "EXT 2007"]
[Source "ChessBase"]
[SourceDate "2006.11.23"]
[SourceVersion "1"]
[SourceVersionDate "2006.11.23"]
[SourceQuality "1"]

1. e4 e5 2. Nf3 d6 3. d4 exd4 4. Nxd4 Nf6 5. Nc3 a6 6. Bf4 c5 7. Nde2 Be7 8. Qd2 0-0 9. Rd1 Qb6 10. Bxd6 Rd8 11. e5 Ne8 12. Nd5 Rxd6 13. Nxe7+ Kf8 14. Nxc8 Rxd2 15. Nxb6 Rxd1+ 16. Kxd1 Ra7 17. Nc3 Nc7 18. Ncd5 Nxd5 19. Nxd5 b5 20. c4 Rd7 21. Kc1 Nc6 22. cxb5 Nxe5 23. Nc3 Nd3+ 24. Bxd3 Rxd3 25. Rd1 Rxd1+ 26. Kxd1 1-0

[Event "Bochum-ch"]
[Site "Bochum"]
[Date "2004.06.02"]
[Round "5"]
[White "Ebersbach, Hans Joachim"]
[Black "Brueggemann, Werner"]
[Result "0-1"]
[WhiteElo "1561"]
[BlackElo "1426"]
[PlyCount "68"]
[EventDate "2004.05.05"]
[EventType "swiss"]
[EventRounds "7"]
[EventCountry "GER"]
[SourceTitle "EXT 2006"]
[Source "ChessBase"]
[SourceDate "2005.11.24"]
[SourceVersion "1"]
[SourceVersionDate "2005.11.24"]
[SourceQuality "1"]

1. d4 d5 2. e4 dxe4 3. Nc3 Nf6 4. f3 Bf5 5. Be3 c6 6. fxe4 Bxe4 7. Nf3 Nbd7 8. Bc4 e6 9. 0-0 Be7 10. Ng5 Bg6 11. Qe2 Nd5 12. Nf3 0-0 13. Nxd5 exd5 14. Bb3 Nf6 15. c4 Re8 16. Ne5 Be4 17. c5 Qc7 18. g4 Rf8 19. Bf4 Qc8 20. g5 Nd7 21. g6 Nxe5 22. Bxe5 Bxg6 23. Qg2 f6 24. Bf4 Qd8 25. Bd1 b6 26. h4 bxc5 27. h5 Be4 28. Qg3 cxd4 29. Bg4 g5 30. hxg6 hxg6 31. Be6+ Kg7 32. Rf2 d3 33. Rh2 Bc5+ 34. Kf1 Rh8 0-1

[Event "Bochum-ch"]
[Site "Bochum"]
[Date "2004.05.05"]
[Round "1"]
[White "Loeffelbein, Klaus"]
[Black "Brueggemann, Werner"]
[Result "1-0"]
[WhiteElo "1900"]
[BlackElo "1426"]
[PlyCount "78"]
[EventDate "2004.05.05"]
[EventType "swiss"]
[EventRounds "7"]
[EventCountry "GER"]
[SourceTitle "EXT 2006"]
[Source "ChessBase"]
[SourceDate "2005.11.24"]
[SourceVersion "1"]
[SourceVersionDate "2005.11.24"]
[SourceQuality "1"]

1. d4 d5 2. c4 e6 3. Nc3 Nf6 4. Bg5 Be7 5. e3 Nbd7 6. Nf3 0-0 7. Rc1 c6 8. Qc2 a6 9. c5 Rb8 10. Bf4 Ra8 11. Bd3 g6 12. 0-0 Re8 13. b4 Nh5 14. Bh6 Bf8 15. Bg5 Be7 16. Bh6 Bf8 17. Bxf8 Kxf8 18. e4 Nf4 19. e5 f6 20. Rfe1 Kg7 21. a4 b6 22. Bf1 a5 23. b5 bxc5 24. bxc6 Nb6 25. dxc5 Nc4 26. exf6+ Qxf6 27. Nxd5 Nxd5 28. Bxc4 Nb4 29. Qe4 Ra7 30. Nd4 Rae7 31. Nb5 Qg5 32. Nd6 Rf8 33. Bb5 Ba6 34. g3 Rf6 35. c7 Rf8 36. Bxa6 Rxc7 37. f4 Rxf4 38. Qxf4 Qxf4 39. gxf4 Nxa6 1-0

[Event "Langendreer/Werne op"]
[Site "Bochum"]
[Date "2004.03.31"]
[Round "3"]
[White "Richter, Bernd"]
[Black "Brueggemann, Werner"]
[Result "1-0"]
[WhiteElo "1699"]
[BlackElo "1475"]
[PlyCount "91"]
[EventDate "2004.03.17"]
[EventType "swiss"]
[EventRounds "7"]
[EventCountry "GER"]
[SourceTitle "EXT 2006"]
[Source "ChessBase"]
[SourceDate "2005.11.24"]
[SourceVersion "1"]
[SourceVersionDate "2005.11.24"]
[SourceQuality "1"]

1. e4 e5 2. Nf3 Nf6 3. d4 exd4 4. e5 Ng4 5. h3 Nxe5 6. Nxe5 Qe7 7. Qe2 d6 8. Nf3 c5 9. Qxe7+ Bxe7 10. Bc4 Be6 11. Bxe6 fxe6 12. Bg5 Nc6 13. Nbd2 Nb4 14. Bxe7 Kxe7 15. Kd1 b5 16. a3 Nd5 17. Ne4 h6 18. Kd2 Rhf8 19. b4 Rac8 20. a4 Rf4 21. Rhe1 Nc3 22. Nxc3 dxc3+ 23. Kxc3 Rc4+ 24. Kd3 Rxb4 25. axb5 Rc7 26. Reb1 Rxb1 27. Rxb1 Rb7 28. Ra1 Kd7 29. c4 Kc7 30. Nd2 Kb8 31. Ra6 Rb6 32. Rxb6+ axb6 33. Ke4 Kc7 34. f4 Kd7 35. f5 g5 36. fxg6 Ke7 37. Kf4 d5 38. Ke5 d4 39. h4 h5 40. g7 Kf7 41. g8Q+ Kxg8 42. Kxe6 Kg7 43. Kf5 Kh6 44. Kf6 Kh7 45. Kg5 Kg7 46. Kxh5 1-0